000 005220000a22001810004500
003 MACL
005 20160227134020.0
008 160227b xxu||||| |||| 00| 0 eng d
040 _aMACL
_cMACL
041 _aHindi
082 _a800
100 _aनीलिमा सिंह
_940866
245 _aमीरा एक अंतरंग परिचय
260 _bसरस्‍वती विहार
_c1982
_aदिल्‍ली
350 _a30
650 _aLiteracture
_939932
942 _cHIN
_k800
_2ddc
999 _c27555
_d27555